| 000 | 00000nam##2200000za#4500 |
| 001 | 9.588042 |
| 003 | CaOODSP |
| 005 | 20210624194928 |
| 007 | cr ||||||||||| |
| 008 | 150406|2010||||xxc|||||o f|0| 0 fre|d |
| 022 | |a1701-1280 |
| 040 | |aCaOODSP|bfre |
| 041 | |aeng |
| 041 | |afre |
| 043 | |an-cn--- |
| 086 | 1 |aFs70-4/2010-025-PDF |
| 110 | 1 |aCanada. |bMinistère des pêches et des océans. |
| 245 | 10|aRéunion d'avis scientifique nationale sur les conséquences et impacts de la fertilisation : |h[ressource électronique]|bles 29 et 30 septembre 2009, Salle Boulton, 615, rue Booth, Ottawa (Ontario) / |cprésident d'assemblée : Denis Gilbert. |
| 260 | |aOttawa - Ontario : |bPêches et Océans Canada |cNovembre 2010. |
| 300 | |a28p.|btableaux |
| 490 | 1 |aSecrétariat canadien de consultation scientifique, série des comptes rendus|x1701-1280|v2010/025 |
| 590 | |a12-31-Supp|b2012-07-06 |
| 791 | |tNational advisory meeting on ocean fertilization consequences and impacts : |eeng|w(CaOODSP)9.588041 |
| 830 | #0|aCompte rendu (Secrétariat canadien de consultation scientifique)|x1701-1280|v2010/025|w(CaOODSP)9.500508 |
| 856 | 40|ahttp://publications.gc.ca|qPDF|s117 Ko|uhttps://publications.gc.ca/collections/collection_2012/mpo-dfo/Fs70-4-2010-025.pdf|y2010/025 |